000 00256nam a2200109 4500
082 0 _a225.5
242 0 0 _aThe New Testament in Latuka
245 1 1 _aEcorit aƋejuk
260 _aKhartoum
_bUnited Bible Societies
_cc.1969
300 _a494 p.
942 _2ddc
_cBK
999 _c64591
_d64565